000 00450nam a2200133 a 4500
001 000031913
005 20200930063258.0
008 110707s1986 sp 000 0 spa d
040 _aDO-SdBNP
_bspa
_cBNPHU
245 0 0 _aEl rio Manzanares /
_cMaría Luisa Bermudez Meneses.
260 _aMadrid, Espania :
_bConsejería de Educación y Juventud,
_c1986.
300 _a203 p. :
_bil., gráf., mapas, planos ;
_c22 cm.
504 _aBibliografía : p. 199-200
999 _c31404
_d31404